Slogans de Pub - Statistiques

Statistiques générales
  • Ce quiz a été pris 106 fois
  • Le résultat moyen est 33 sur 118
Statistiques - réponses
indices Réponse % Correct
Les nouveaux commerçants tu
99%
Tous unis contre la vie chère Intermarché
80%
Donne des ailes Redbull
68%
Le vrai prix des bonnes choses Liddle
66%
Pas de stress il y a Point S
65%
Have a break, have a Kit Kat
65%
Pour les grands et les petits HARIBO
62%
0 tracas, 0 blabla MMA
61%
Des idées de génie gIFI
61%
Hit music only! NRJ
61%
En avant les histoires Playmobil
61%
Je suis passé chez Sosh
61%
Venez comme vous êtes Mc Do
59%
J'agis avec Engie
58%
A fond la forme Decathlon
55%
La mode à petit prix Kiabi
55%
Be fruit Oasis
53%
Pirates! Tipiak
51%
Il répare, il remplace Carglass
50%
Parce que le monde bouge CIC
50%
Letrouble Leclerc
50%
Prince LU
49%
La patte de l'expert Feu vert
47%
J'optimisme ! Carrefour
47%
J'adore Dior
45%
Des cuisines qui donnent envie Cuisinella
43%
Premier sur le rap Skyrock
43%
Changer l'énergie ensemble EDF
42%
Les opticiens! ATOL
39%
Quand c'est trop c'est Tropico
39%
Das Auto VolksWagen
39%
Vous trouvez ca absurde? Nous aussi Cofidis
38%
C'est mon eau (oh malheureux, doucement avec la) Cristaline
38%
Le sport commence ici Intersport
38%
Il y en a pas 2 Lapeyre
38%
Et vos projets vont plus loin Leroy Merlin
38%
Ecureuil Caisse d'Epargne
36%
C'est celle que je préfère MAAF
36%
Hmmm Burger King
35%
Miel pops, miam miam miam, trop bon, crunch, crunch, crunch Kellog's
35%
On se lève tous pour Danettes! Danone
34%
Johny Allyday Optique 2000
34%
Chips Lay's
32%
Et les tâches s'évanouissent Vanish
31%
Heureusement il y à Findus
28%
Élysées Auchan
28%
Ah, je vois que vous avez un... (un gateau? il est délicieux) Kinder
28%
Qui vous parlera des jeux vidéos mieux que nous? Micromania
27%
Va donc chez Rapide
27%
Toujours, toujours là pour moi Groupama
27%
So good KFC
27%
Un gout de légende Quick
27%
Ouais mais c'est, mon, YOP/ On est des tub's on est pas des pots Yoplait
27%
Le bon sens de l'avenir Crédit Agricole
26%
Un café, un repas, un Freedent
26%
Un bon pneu peut tout changer Michelin
26%
Quoi d'autre ? Nespresso
26%
Rongeur qui fabrique des barrages Castorama
24%
Il y a que chez, qu'on peut Flunch
24%
Il ne suffit pas de re-ss-em-bler à Cetelem
23%
Batman, Star Wars, City... (hey!) LEGO
23%
L'expert des peaux sensibles, c'est Mixa
23%
Parlons mieux, parlons mobile SFR
23%
Mais t'avais dit qu'on fe-rait des knackis Herta
22%
gnut, gnut, gnutgnut, gnut, gnutgnut, gnut IKEA
22%
Le meilleur de la musique RFM
22%
Prend soin de toi Garnier
22%
La passion du jouet Jouéclub
22%
La vie change avec Orange
22%
Hmm Charral
20%
Comparez et achetez futé Les furets
20%
Invictus Paco Rabanne
19%
Voiture électrique Tesla
19%
Mac Lesggy (c'est une réalité Mac...) Oral B
19%
Créateur de cosmétique végétale Yves Rocher
19%
Le contrat de confiance Darty
18%
C'est vous l'avenir Société Générale
18%
Pa, pa, pAlam SNCF
18%
Chouette/Hibou Tripadvisor
18%
La banque d'un monde qui change BNP Paribas
15%
We bring the music Deezer
15%
Au coeur de la beauté Séphora
15%
A l'hôtel Trivago
15%
Je rêve d'une banque LCL
15%
La beauté libérée Nocibé
15%
Musique pour chaque humeur Spotify
15%
C'est pas Versailles ici Total
15%
Monster Munch, On a encore eu de la chance Vico
15%
Les cris-py sont là Mn'ms
14%
Un jeu de chez... Découvre le... Ravensburger
14%
On est fait pour être ensemble Bouygues
12%
Chaque jour est une chance FDJ
11%
Chauvé Monsieur Propre
11%
Dites Adieu à la salté Cilit Bang
9%
Après l'effort Conforama
9%
Des espaces pour mieux vivre Mobalpa
8%
Baguette Boulanger
7%
Aussi! Panzani
7%
Oh, tu t'attendais à quoi? Schwepps
7%
Jaste the feeling Coca Cola
5%
Nounours Bleu Butagaz
5%
tout dans la maison Sanytol
5%
C'est bon d'être curieux Fnac
4%
Pirouette, cacahuète Benénuts
4%
Playdo, t'es plus malin avec tes mains Hasbro
4%
Sur l'eau, la rivière, la rivière Petit Bateau
4%
Bienvenu à la maison Airbnb
3%
Moi c'est Candia
3%
Souriez à la vie Comme J'aime
1%
Approuvé par Fedex
1%
Bricolage Bricot Dépôt
1%
Lapin rose Duracell®
1%
Traî-teur depuis 1898 WilliamSaurin
1%
Chocapic, c'est fort en chocolat Neslté
1%
Le soin de la peau est notre passion Sanex
1%
Lysopaïne, transformes les ah, en ahhh Sanofi
1%
Tous mordus, de Lusctucru
0%
Qu'on se le dise Mondial Parebrise
0%
Aucun quiz correspondant
Distribution des résultats
% des personnes avec chaque résultat
Percentile par nombre de réponses
Votre historique - résultats
Vous n’avez pas pris ce quiz